00853nam a22002297a 450000500170000001000140001702000260003103500130005703700130007008200110008310000230009424501170011726000400023427000470027430000250032150000490034670000250039570000250042094200250044599900170047095201360048720100731121034.0 aENG-97456 a9788184840056c450.00 aEN-80989 bDBAD/PUB a331.31 aChhina, S.S.93260 aChild labour :bproblem and policy implications /cby S.S. Chhina; foreword by Padam Bhushan (and) Inderjit Kaur aNew DelhibRegal Publicationsc2009 aF-159, Rajouri Garden,bNew Delhie110 027 ax, 109p.c22 cm (Hb) aIncludes bibliagraphcal references and index aBhushan, Padam93124 aKaur, Inderjit93125 2ddccENh331.31mCHH c38394d38394 001040718NFICaDBADbDBADd2010-07-31eDBAD/PUBg450.00l0o331.31 CHIpEN-80989r2010-07-31 00:00:00t1v450.00w2010-07-31yEN